书目信息 |
| 题名: |
一学就会的130个电子制作实例
|
|
| 作者: | 张校铭 主编 | |
| 分册: | ||
| 出版信息: | 北京 化学工业出版社 2017 |
|
| 页数: | 223页 | |
| 开本: | 24cm | |
| 丛书名: | ||
| 单 册: | ||
| 中图分类: | TN05 | |
| 科图分类: | ||
| 主题词: | 电子器件--dian zi qi jian--制作 | |
| 电子资源: | ||
| ISBN: | 978-7-122-28669-7 | |
| 000 | 01097nam0 2200253 450 | |
| 001 | 012017000143 | |
| 005 | 20180111085801.27 | |
| 010 | @a978-7-122-28669-7@b@dCNY48.00 | |
| 100 | @a20170504d2017 em y0chiy0121 ea | |
| 101 | 0 | @achi |
| 102 | @aCN@b110000 | |
| 105 | @aak a 000yy | |
| 106 | @ar | |
| 200 | 1 | @a一学就会的130个电子制作实例@Ayi xue jiu hui de 130ge dian zi zhi zuo shi li@f张校铭主编@g |
| 210 | @a北京@c化学工业出版社@d2017 | |
| 215 | @a223页@c图@d24cm | |
| 320 | @a有书目 | |
| 330 | @a本书在简要介绍电子元器件、电子制作常用工具与仪表、电路知识基础上, 重点结合130多个典型电子制作实例, 详细说明了555集成时基电路、充电器类小电器、灯光控制类小电器、门铃类小电器、报警防盗类小电器、温度控制类电器等多种实用电子电器的制作过程、电子电路原理分析与调试。这些制作实例都经过调试与反复验证, 电子爱好者和学习人员学得会, 用得上。本书内容丰富, 涉及知识面广, 电路制作实例的实用性强。 | |
| 606 | 0 | @a电子器件@Adian zi qi jian@x制作 |
| 690 | @aTN05@v5 | |
| 701 | 0 | @a张校铭@Azhang jiao ming@4主编 |
| 801 | 0 | @aCN@b湖北三新@c20170517@g |
| 905 | @aBZT@dTN05@e6 | |
| 906 | @dCNY48.00@n5@r1 | |
| 一学就会的130个电子制作实例/张校铭主编.-北京:化学工业出版社,2017 |
| 223页:图;24cm |
| ISBN 978-7-122-28669-7:CNY48.00 |
| 本书在简要介绍电子元器件、电子制作常用工具与仪表、电路知识基础上, 重点结合130多个典型电子制作实例, 详细说明了555集成时基电路、充电器类小电器、灯光控制类小电器、门铃类小电器、报警防盗类小电器、温度控制类电器等多种实用电子电器的制作过程、电子电路原理分析与调试。这些制作实例都经过调试与反复验证, 电子爱好者和学习人员学得会, 用得上。本书内容丰富, 涉及知识面广, 电路制作实例的实用性强。 |
| ● |
| 相关链接 |
|
|
|
正题名:一学就会的130个电子制作实例
索取号:TN05/6
 
预约/预借
| 序号 | 登录号 | 条形码 | 馆藏地/架位号 | 状态 | 备注 |
| 1 | 846510 | 2000846510 | 第二书库/ [索取号:TN05/6] | 在馆 | |
| 2 | 846511 | 2000846511 | 第二书库/ [索取号:TN05/6] | 在馆 | |
| 3 | 846512 | 2000846512 | 第二书库/ [索取号:TN05/6] | 在馆 |